| 000 | 00742nam a2200301Ia 4500 | ||
|---|---|---|---|
| 005 | 20260401122334.0 | ||
| 008 | 008 250103s9999 xx 000 0 eng d | ||
| 020 | _a9788125026563 | ||
| 037 | _aTB | ||
| 040 | _aEDL | ||
| 040 | _beng | ||
| 040 | _cEDL | ||
| 041 | _2eng | ||
| 041 | _aeng | ||
| 084 | _a305.5680954 LIM | ||
| 084 | _qEDL | ||
| 100 |
_aLimbale, Sharankumar _91232939 |
||
| 245 | 0 | _aTowards an Aesthetic of Dalit Literature: History, Controversies and Considerations | |
| 245 | 0 | _cLimbale, Sharankumar | |
| 260 | _aHyderabad | ||
| 260 | _bOrient Longman | ||
| 260 | _c2004 | ||
| 300 | _a110p | ||
| 942 | _cTB | ||
| 942 | _h305.5680954 LIM | ||
| 999 |
_c1846612 _d1846612 |
||